Municipis de les Illes Balears (Mallorca, Menorca, Eivissa, Formentera) - Statistics

General Stats
  • This quiz has been taken 1.753 times
  • The average score is 43 of 67
Answer Stats
Illa Municipi % Correct
Mallorca Palma
96%
Mallorca Manacor
92%
Mallorca Alcúdia
90%
Mallorca Inca
88%
Menorca Ciutadella de Menorca
85%
Menorca Maó
85%
Mallorca Pollença
85%
Eivissa Eivissa
84%
Mallorca Sóller
81%
Mallorca Andratx
78%
Mallorca Artà
78%
Mallorca Llucmajor
78%
Mallorca Santa Maria del Camí
77%
Mallorca Calvià
76%
Mallorca Campos
75%
Mallorca Binissalem
74%
Mallorca Felanitx
74%
Mallorca Sa Pobla
74%
Mallorca Valldemossa
72%
Mallorca Muro
70%
Mallorca Deià
69%
Mallorca Marratxí
69%
Mallorca Santa Margalida
69%
Eivissa Sant Antoni de Portmany
68%
Mallorca Sineu
68%
Mallorca Sant Joan
66%
Eivissa Sant Joan de Labritja
66%
Mallorca Alaró
65%
Mallorca Petra
65%
Mallorca Santanyí
65%
Mallorca Escorca
64%
Formentera Formentera
63%
Mallorca Algaida
61%
Mallorca Capdepera
61%
Menorca Alaior
60%
Mallorca Banyalbufar
60%
Mallorca Lloseta
59%
Mallorca Porreres
59%
Mallorca Sant Llorenç des Cardassar
59%
Mallorca Esporles
58%
Mallorca Mancor de la Vall
58%
Mallorca Consell
57%
Mallorca Llubí
57%
Mallorca Maria de la Salut
57%
Mallorca Montuïri
57%
Mallorca Ses Salines
57%
Mallorca Bunyola
56%
Mallorca Campanet
56%
Mallorca Búger
55%
Menorca Ferreries
55%
Mallorca Selva
55%
Menorca Es Mercadal
52%
Mallorca Estellencs
52%
Mallorca Fornalutx
52%
Mallorca Son Servera
51%
Mallorca Vilafranca de Bonany
51%
Mallorca Ariany
50%
Mallorca Santa Eugènia
49%
Eivissa Santa Eulària des Riu
49%
Menorca Sant Lluís
49%
Mallorca Sencelles
49%
Mallorca Costitx
48%
Mallorca Lloret de Vistalegre
47%
Eivissa Sant Josep de sa Talaia
45%
Mallorca Puigpunyent
41%
Menorca Es Castell
40%
Menorca Es Migjorn Gran
38%
No matching quizzes found
Score Distribution
Percent of People with Each Score
Percentile by Number Answered
Your Score History
You have not taken this quiz